MARC details
| 000 -LEADER |
| campo de control de longitud fija |
03412cam a2200397 i 4500 |
| 001 - NÚMERO DE CONTROL |
| campo de control |
193231 |
| 003 - IDENTIFICADOR DE NÚMERO DE CONTROL |
| campo de control |
SpMaBN |
| 005 - FECHA Y HORA DE LA ÚLTIMA TRANSACCIÓN |
| campo de control |
20250825062646.0 |
| 007 - CAMPO FIJO DE DESCRIPCIÓN FÍSICA--INFORMACIÓN GENERAL |
| campo de control de longitud fija |
ta |
| 008 - DATOS DE LONGITUD FIJA--INFORMACIÓN GENERAL |
| campo de control de longitud fija |
080220s2007 sp | |||| 000 spa |
| 017 ## - NÚMERO DE COPYRIGHT O DE DEPÓSITO LEGAL |
| Número de copyright o de depósito legal |
M 25223-2007 |
| Agencia que asigna |
Oficina Depósito Legal Madrid |
| 020 ## - NÚMERO INTERNACIONAL ESTÁNDAR DEL LIBRO |
| Número Internacional Estándar del Libro |
9788493567316 |
| 035 ## - NÚMERO DE CONTROL DEL SISTEMA |
| Número de control de sistema |
F3319127 |
| 040 ## - FUENTE DE CATALOGACIÓN |
| Centro catalogador/agencia de origen |
SpMaBN |
| Lengua de catalogación |
spa |
| Centro/agencia transcriptor |
SpMaBN |
| Normas de descripción |
rdc |
| 080 ## - NÚMERO DE LA CLASIFICACIÓN DECIMAL UNIVERSAL |
| Número de la Clasificación Decimal Universal |
7 Scala, Eduardo |
| 100 1# - ENTRADA PRINCIPAL--NOMBRE DE PERSONA |
| Nombre de persona |
Scala, Eduardo, |
| Fechas asociadas al nombre |
1945- |
| Número de control del registro de autoridad o número normalizado |
XX896439 |
| Término indicativo de función/relación |
Autor |
| 9 (RLIN) |
141379 |
| 245 10 - MENCIÓN DEL TÍTULO |
| Título |
Ars de Job / |
| Mención de responsabilidad, etc. |
Eduardo Scala ; caligrafía de Carlos Álvarez Renuncio |
| 260 ## - PUBLICACIÓN, DISTRIBUCIÓN, ETC. |
| Lugar de publicación, distribución, etc. |
[Madrid] : |
| Nombre del editor, distribuidor, etc. |
Turpin, |
| Fecha de publicación, distribución, etc. |
2007 |
| 300 ## - DESCRIPCIÓN FÍSICA |
| Extensión |
122 páginas : |
| Otras características físicas |
principalmente ilustraciones color ; |
| Dimensiones |
23 x 23 cm |
| 336 ## - TIPO DE CONTENIDO |
| Fuente |
rdacontent |
| Término de tipo de contenido |
Texto |
| 337 ## - TIPO DE MEDIO |
| Fuente |
rdamedia |
| Nombre/término del tipo de medio |
sin mediación |
| 338 ## - TIPO DE SOPORTE |
| Fuente |
rdacarrier |
| Nombre/término del tipo de soporte |
volumen |
| 500 ## - NOTA GENERAL |
| Nota general |
En colofón: Edición facsimilar del manuscrito caligrafiado por Carlos Álvarez Renuncio, en el que hace una interpretación de "Ars de Job", de Eduardo Scala |
| 500 ## - NOTA GENERAL |
| Nota general |
Hojas impresas por una sola cara |
| 520 ## - RESUMEN, ETC. |
| Sumario, etc. |
Fiel a la tradición hermética (Lull, Camillo, Bruno), Scala emplea el número y las figuras geométricas como clave constructiva. Ars de Job es el primer libro monosilábico en lengua castellana. Su uso refleja un sentimiento de desconfianza en el decir, propio de la poética del silencio: Dante, la Mística, Cirlot… “Al sumiso-rebelde-sumiso Job en esta nueva experiencia se le premia con un nuevo castigo: la privación de los deleites de la dicción, del melos de la palabra. Se le ordena percutir su voz con el único sonido —profético, poético— para nombrar lo innombrable.” Tensado al límite, el monosílabo supone una búsqueda de lo esencial, un retorno a los orígenes del lenguaje. En esta nueva versión caligrafiada de Ars de Job los mensajes adoptan una forma circular. La elección no es arbitraria: nace del efecto de circularidad que los poemas producen al comenzar y terminar con la misma palabra. La configuración radial de las sílabas y el ritmo ondulante de los grafemas reproducen la imagen de un sol radiante. Con esa imagen, emblema de una escritura experiencial, el nuevo Ars de Job potencia su legibilidad. El mensaje resulta visualmente más claro, pero la naturaleza enigmática del texto rechaza un entendimiento fácil. Los hallazgos son lentos y provisionales. El acto de leer se convierte en una aventura de descubrimiento gradual. En una época en la que los avances tecnológicos han impuesto una concepción trepidante del tiempo, agrada encontrar un trabajo como el de Carlos Álvarez Renuncio, fruto de un dilatado proceso de maduración y gestación. La belleza de su resultado muestra la perseverancia y perfeccionismo de este amigo de la caligrafía. |
| 600 14 - PUNTO DE ACCESO ADICIONAL DE MATERIA--NOMBRE DE PERSONA |
| Nombre de persona |
Scala, Eduardo, |
| Fechas asociadas al nombre |
1945- |
| 9 (RLIN) |
141379 |
| 655 #7 - TERMINO DE INDIZACIÓN--GENERO/FORMA |
| Datos o término principal de género/forma |
Libros ilustrados |
| Fuente del término |
tgfbne |
| 9 (RLIN) |
193653 |
| 700 1# - ENTRADA AGREGADA--NOMBRE PERSONAL |
| Nombre de persona |
Álvarez Renuncio, Carlos |
| 9 (RLIN) |
234349 |
| Término indicativo de función/relación |
Ilustrador |
| -- |
Calígrafo |
| 852 ## - LOCALIZACIÓN |
| Ubicación |
ES-MaACL |
| Sublocalización o colección |
R. 154730 |
| Ubicación en estantería |
Depósito J |
| itemnumber |
200653 |
| Anotaciones manuscritas |
Dedicatoria autógrafa de Carlos Álvarez Renuncio |
| Donativo/Legado |
Donación: Carlos Álvarez Renuncio |
| Número de control de estantería |
N-9397 |
| Encuadernación |
Encuadernación cartoné |
| 903 ## - NOMBRE PERSONAL DE DONANTE |
| 9 |
234349 |
| a |
Álvarez Renuncio, Carlos |
| e |
Donante |
| 942 ## - ELEMENTOS DE ENTRADA SECUNDARIOS (KOHA) |
| Suprimir en OPAC |
No |
| Tipo de ítem Koha |
Libro impreso |